Meaning and End of Religion (Record no. 81)

MARC details
000 -LEADER
fixed length control field 00597nam a2200241 a 4500
020 ## - INTERNATIONAL STANDARD BOOK NUMBER
ISBN 0800650
082 00 - DEWEY DECIMAL CLASSIFICATION NUMBER
Classification number 291
Author Cutter SMI
100 ## - MAIN ENTRY--AUTHOR NAME
Author name Smith, Wilfred Cantwell
245 ## - TITLE STATEMENT
Title Meaning and End of Religion
260 ## - PUBLICATION, DISTRIBUTION, ETC. (IMPRINT)
Place of publication U S a
Name of publisher Fortress Press
Year of publication 1991
300 ## - PHYSICAL DESCRIPTION
Number of Pages 340p
500 ## - GENERAL NOTE
General note includes index and biblioraphy
505 2# - FORMATTED CONTENTS NOTE
Formatted contents note Index
650 ## - SUBJECT ADDED ENTRY--TOPICAL TERM
Topical Term Comparative Religion
942 ## - ADDED ENTRY ELEMENTS (KOHA)
Koha item type Books
700 1# -
-- Smith, Wilfred Cantwell
Holdings
Home library Current library Date acquired Cost, normal purchase price Full call number Accession Number Koha item type
Henry Martyn Institute Library Henry Martyn Institute Library 07/11/2018 100.00 291 SMI 03612 Books
Henry Martyn Institute Library Henry Martyn Institute Library 07/11/2018 100.00 291 SMI 015780 E-Books
                   Copyright © 2026 | Henry Martyn Institute | Hyderabad | TS-500052 | INDIA | Implemented by hmi.edu.in
Hit-Count:

Powered by Koha